00385 a2200145 4500001000700000020001500007020002200022041000800044250001000052300001000062040002500072100002600097245007900123260003700202111865 a0329011839 a1895688043 (pbk.) apor a. ed. a32 p. aBR-BrIDEAcBR-BrIDEA aAllen, David A.d194610aSkyball about planets, stars, galaxies, eclipses and morec David A Allen a[S.l.]bGreey de Pencier ;c1993